logo

Bir Sreshtho Munshi Abdur Rouf Library
Jhenaidah Cadet College

একা / (Record no. 806)

MARC details
000 -LEADER
fixed length control field 00599nam a22002177a 4500
001 - CONTROL NUMBER
JCCL Control Number 806
003 - CONTROL NUMBER IDENTIFIER
JCCL marc code BD-JhCC
005 - DATE AND TIME OF LATEST TRANSACTION
control field 20220811134024.0
008 - FIXED-LENGTH DATA ELEMENTS--GENERAL INFORMATION
fixed length control field 171010s20062005bg a|||| ||a| 00| 0 b d
035 ## - SYSTEM CONTROL NUMBER
system control number (BD-JhCC)806
040 ## - CATALOGING SOURCE
Original cataloging agency BD-JhCC
Modifying agency BD-JhCC
041 ## - LANGUAGE CODE
Language code of Book eng
082 ## - DEWEY DECIMAL CLASSIFICATION NUMBER
Classification number 891.443
Author mark and Year MIL 2006
100 ## - MAIN ENTRY--PERSONAL NAME
Personal name মিলন, ইমদাদুল হক
245 ## - TITLE STATEMENT
Title একা /
Statement of responsibility, etc ইমদাদুল হক মিলন
260 ## - PUBLICATION, DISTRIBUTION, ETC. (IMPRINT)
Place of publication, distribution, etc ঢাকা :
Name of publisher, distributor, etc অন্য প্রকাশ,
Date of publication, distribution, etc 2006
300 ## - PHYSICAL DESCRIPTION
Pagination 200 p. :
Dimensions 22 cm.
650 ## - SUBJECT ADDED ENTRY--TOPICAL TERM
Topical term or geographic name as entry element Bengali novel
942 ## - ADDED ENTRY ELEMENTS (KOHA)
Source of classification or shelving scheme Dewey Decimal Classification
Koha item type Books
Koha issues (borrowed), all copies 10
Holdings
Source of classification or shelving scheme Damaged status Not for loan Home library Current library Date of accession Cost, normal purchase price Total Checkouts Full call number Barcode Date last seen Date checked out Copy number Koha item type Shelving location Method of acquisition Currency
Dewey Decimal Classification     JCC Rouf Library JCC Rouf Library 10/10/2017 170.00 12 891.443 MIL 2006 1782 12/23/2025 11/18/2025 C-1 Books      
Dewey Decimal Classification     JCC Rouf Library JCC Rouf Library   170.00 10 891.443 MIL 2006 17531 11/11/2025 11/04/2025 C-2 Books General Stacks Purchase BDT

JCC Library | Contacts | JCC Home

Last Update on 23 September 2017
Copyright @ 2017-2020 JCC Rouf Library
Rouf Library, Jhenidah Cadet College (JCC), Bangladesh